| 000 | 00839nam a22002417a 4500 | ||
|---|---|---|---|
| 003 | OSt | ||
| 005 | 20180908103125.0 | ||
| 008 | 180220b xxu||||| |||| 00| 0 spa d | ||
| 020 | _a9502002210 | ||
| 040 | _cPJ | ||
| 100 |
_9131 _aCarrió, Genaro Rubén |
||
| 245 | 1 | 3 |
_aEl recurso extraordinario por sentencia arbitraria : _ben la jurisprudencia de la Corte Suprema / _cGenaro R. Carrio, Alejandro D. Carrió. |
| 250 | _a3a. ed. act. | ||
| 260 |
_aBuenos Aires : _cAbeledo - Perrot, _b1987-1994. |
||
| 300 |
_a2 v. _c23 cm. _brústica |
||
| 650 | 0 |
_9267 _aDERECHO PROCESAL |
|
| 650 | 0 |
_9178 _aDERECHO CONSTITUCIONAL |
|
| 650 | 0 |
_92044 _aRECURSO EXTRAORDINARIO |
|
| 650 | 0 |
_92042 _aSENTENCIA ARBITRARIA |
|
| 650 | 0 |
_9699 _aFALLOS DE LA CORTE SUPREMA |
|
| 700 |
_92112 _aCarrió, Alejandro D. |
||
| 942 |
_2udc _cLIB _h347.957 _iCAR |
||
| 999 |
_c1406 _d1406 |
||